Из Какой Страны Этот Город? А-Я - Statistics

General Stats
  • This quiz has been taken 1 619 times
    1 600 since last reset
  • The average score is 10 of 31
Answer Stats
Буква Город Страна % Correct
Г Гамбург Германия
82%
А Атырау Казахстан
81%
Ш Шанхай Китай
74%
П Пусан Южная Корея
59%
Б Бейрут Ливан
57%
В Верона Италия
57%
Ц Цюрих Швейцария
55%
Р Роттердам Нидерланды
54%
Э Эр-Рияд Саудовская Аравия
54%
С Сиань Китай
44%
Й Йоханнесбург Южно-Африканская Республика
42%
Ю Юрмала Латвия
32%
О Орлеан Франция
30%
Ж Жешув Польша
28%
Н Нагоя Япония
23%
Щ Щецин Польша
22%
Т Тебриз Иран
21%
Е Елгава Латвия
19%
З Злин Чехия
17%
Л Лахор Пакистан
16%
Ы Ыспарта Турция
15%
Д Дурбан Южно-Африканская Республика
14%
Я Янгон Мьянма
14%
Ф Форталеза Бразилия
13%
Ч Ченнаи Индия
13%
М Момбаса Кения
12%
У Ургенч Узбекистан
12%
Х Худжанд Таджикистан
10%
И Ибадан Нигерия
6%
К Куэнка Эквадор
5%
Ë Ëлëтен Тукрмения
4%
No matching quizzes found
Score Distribution
Percent of People with Each Score
Percentile by Number Answered
Your Score History
You have not taken this quiz since the last reset